| 000 | 00000nam##2200000za#4500 |
| 001 | 9.625515 |
| 003 | CaOODSP |
| 005 | 20200421163406 |
| 007 | ta |
| 008 | 150406|2000||||xxc||||| f|0| 0 fre|d |
| 040 | |aCaOODSP|bfre |
| 043 | |an-cn--- |
| 086 | 1 |aNH18-22/100-146F |
| 110 | 2 |aSociété canadienne d'hypothèques et de logement. |
| 245 | 14|aUne planète moins chaude en dix étapes |
| 260 | |aOttawa - Ontario : |bSociété canadienne d'hypothèques et de logement |c2000. |
| 300 | |a4p. ; |c28 cm. |
| 490 | 1 |aLe point en recherche. Série technique |v00-146 |
| 563 | |aDépliant |
| 590 | |a01-02|b2001-01-12 |
| 691 | 07|aLogement|2gcpds |
| 691 | 07|aConservation de l'énergie|2gcpds |
| 691 | 07|aEffet de serre|2gcpds |
| 775 | 08|tTen steps to a cooler planet |w(CaOODSP)9.615428 |
| 776 | 0#|tUne planète moins chaude en dix étapes |w(CaOODSP)9.602666 |
| 830 | #0|aLe point en recherche. Série technique ;|v00-146|w(CaOODSP)9.513179 |
| 986 | |aLNH 2267 |